01080 a2200181 4500003000500000005001700005020002200022040000900044082001700053100002200070245009100092250001100183260004200194300001700236505058900253650003400842651002200876Nust20221223095953.0 a978-81-203-4004-6 cNust a 621.385,BEA aJeffrey S.Beasley aModern Electronic Communications (Include CD) / cJeffrey S.Beasley -Gary M.Miller a9th ed aNew DelhibPHI Learning Pvt Ltdc2010 axxxiii,950,p aIntroductory Topics (Page-2), Amplitude Modulation: Transmission (Page-68), Amplitude Modulation: Reception (Page-116), Single Sideband Comm (Page-164), Frequency Modulation: Transmission (Page-204), Frequency Modulation: Reception (Page-258), Comm. Techniques (Page-298), Digital Comm (Page-346), Wired Digital Comm (Page-400), Wireless Digital Comm (Page-452), Network Comm (Page-494), Transmission Lines (Page-562), Wave Propagation (Page-618), Antennas (Page-664), Waveguides and Radar (Page-706), Microwaves and Lasers (Page-748), Television (Page-798), Fiber Optics (Page-854).  aTelecommunication Engineering a(Include CD)